000 00743nam a2200229 a 4500
001 000022883
005 20200930021844.0
008 101122s1993 ve r 000 p spa d
020 _a9800107924
040 _aDO-SdBNP
_bspa
_cBNPHU
082 _aVe861.44
_bR741a
100 1 _aRojas Guardia, Armando,
_d1949-
_947031
245 1 0 _aAntología poética /
_cArmando Rojas Guardia ; prólogo y selección Miguel Márquez.
260 _aCaracas, (Venezuela) :
_bMonte Ávila Editores Latinoamericana,
_c1993.
300 _a122, [4] p. ;
_c20 cm.
490 1 _aAltazor
650 4 _aPoesía venezolana
_94230
650 4 _aLiteratura venezolana
_93816
700 1 _aMárquez, Miguel
_epról.
_947032
830 0 _aAltazor
_98724
049 _aBNGR
999 _c22380
_d22380